<?xml version="1.0" encoding="UTF-8"?>
<record
    xmlns:xsi="http://www.w3.org/2001/XMLSchema-instance"
    xsi:schemaLocation="http://www.loc.gov/MARC21/slim http://www.loc.gov/standards/marcxml/schema/MARC21slim.xsd"
    xmlns="http://www.loc.gov/MARC21/slim">

  <leader>02188nam a22003257a 4500</leader>
  <controlfield tag="001">8511</controlfield>
  <controlfield tag="003">FISKH</controlfield>
  <controlfield tag="005">20250916163836.0</controlfield>
  <controlfield tag="008">250916b        cb ||||| |||| 00| 0 eng d</controlfield>
  <datafield tag="020" ind1=" " ind2=" ">
    <subfield code="a">9789996301223</subfield>
  </datafield>
  <datafield tag="040" ind1=" " ind2=" ">
    <subfield code="a">FISKH</subfield>
    <subfield code="b">khr</subfield>
    <subfield code="c">FISKH</subfield>
    <subfield code="d">FISKH</subfield>
  </datafield>
  <datafield tag="050" ind1=" " ind2=" ">
    <subfield code="a">PZ7</subfield>
  </datafield>
  <datafield tag="082" ind1=" " ind2=" ">
    <subfield code="a">800</subfield>
  </datafield>
  <datafield tag="100" ind1=" " ind2=" ">
    <subfield code="a">Seap, Kol</subfield>
  </datafield>
  <datafield tag="245" ind1=" " ind2=" ">
    <subfield code="a">&#x1780;&#x17BC;&#x1793;&#x1785;&#x17B6;&#x17C6;&#x1795;&#x17D2;&#x1791;&#x17C7;&#x178F;&#x17C2;&#x1798;&#x17D2;&#x1793;&#x17B6;&#x1780;&#x17CB;&#x17AF;&#x1784;&#x200B; :</subfield>
    <subfield code="b">Son stays at home alone / </subfield>
    <subfield code="c">&#x1793;&#x17B7;&#x1796;&#x1793;&#x17D2;&#x1792;&#x178A;&#x17C4;&#x1799; &#x17A2;&#x17D2;&#x1793;&#x1780;&#x179F;&#x17D2;&#x179A;&#x17B8; &#x1780;&#x17BB;&#x179B; &#x179F;&#x17C0;&#x1794;</subfield>
  </datafield>
  <datafield tag="250" ind1=" " ind2=" ">
    <subfield code="a">&#x1785;&#x17C1;&#x1789;&#x1795;&#x17D2;&#x179F;&#x17B6;&#x1799;&#x1781;&#x17C2;&#x1798;&#x17C1;&#x179F;&#x17B6;&#x200B; &#x1786;&#x17D2;&#x1793;&#x17B6;&#x17C6;&#x200B;&#x17E2;&#x17E0;&#x17E1;&#x17E0;</subfield>
  </datafield>
  <datafield tag="260" ind1=" " ind2=" ">
    <subfield code="a">Phnom Penh : </subfield>
    <subfield code="b">Reading Books , </subfield>
    <subfield code="c">2010.</subfield>
  </datafield>
  <datafield tag="300" ind1=" " ind2=" ">
    <subfield code="a">24 pages : </subfield>
    <subfield code="b">color illustrations ; </subfield>
    <subfield code="c">25 cm . </subfield>
  </datafield>
  <datafield tag="490" ind1=" " ind2=" ">
    <subfield code="a">&#x1796;&#x17B7;&#x1797;&#x1796;&#x179A;&#x17BF;&#x1784;&#x1793;&#x17B7;&#x1791;&#x17B6;&#x1793;</subfield>
  </datafield>
  <datafield tag="505" ind1=" " ind2=" ">
    <subfield code="a">K 
</subfield>
  </datafield>
  <datafield tag="520" ind1=" " ind2=" ">
    <subfield code="a">&#x179A;&#x17BF;&#x1784;&#x1793;&#x17B7;&#x1791;&#x17B6;&#x1793; &#x201C;&#x1780;&#x17BC;&#x1793;&#x1794;&#x17D2;&#x179A;&#x17BB;&#x179F;&#x179F;&#x17D2;&#x1793;&#x17B6;&#x1780;&#x17CB;&#x1793;&#x17C5;&#x1795;&#x17D2;&#x1791;&#x17C7;&#x1798;&#x17D2;&#x1793;&#x17B6;&#x1780;&#x17CB;&#x17AF;&#x1784;&#x201D; &#x1798;&#x17B6;&#x1793;&#x1794;&#x17C6;&#x178E;&#x1784;&#x1794;&#x1784;&#x17D2;&#x17A0;&#x17B6;&#x178F;&#x17CB;&#x17B2;&#x17D2;&#x1799;&#x1780;&#x17BB;&#x1798;&#x17B6;&#x179A;&#x1787;&#x17B6;&#x17A2;&#x17D2;&#x1793;&#x1780;&#x1780;&#x17D2;&#x179B;&#x17B6;&#x17A0;&#x17B6;&#x1793; &#x1793;&#x17B7;&#x1784;&#x1781;&#x17B7;&#x178F;&#x1781;&#x17C6;&#x1794;&#x17D2;&#x179A;&#x17B9;&#x1784;&#x1794;&#x17D2;&#x179A;&#x17C2;&#x1784;&#x17D4; &#x1794;&#x1793;&#x17D2;&#x1790;&#x17C2;&#x1798;&#x1796;&#x17B8;&#x1793;&#x17C1;&#x17C7;&#x1791;&#x17C5;&#x1791;&#x17C0;&#x178F; &#x179A;&#x17BF;&#x1784;&#x1793;&#x17B7;&#x1791;&#x17B6;&#x1793;&#x1793;&#x17C1;&#x17C7; &#x1780;&#x17CF;&#x1787;&#x17BD;&#x1799;&#x17B2;&#x17D2;&#x1799;&#x1780;&#x17BB;&#x1798;&#x17B6;&#x179A;&#x1798;&#x17B6;&#x1793;&#x1780;&#x17B6;&#x179A;&#x1794;&#x17D2;&#x178F;&#x17C1;&#x1787;&#x17D2;&#x1789;&#x17B6;&#x1785;&#x17B7;&#x178F;&#x17D2;&#x178F;&#x1781;&#x17D2;&#x1796;&#x179F;&#x17CB; &#x1793;&#x17B7;&#x1784;&#x1798;&#x17B6;&#x1793;&#x1797;&#x17B6;&#x1796;&#x1786;&#x17D2;&#x179B;&#x17B6;&#x178F;&#x179C;&#x17C3;&#x1780;&#x17D2;&#x1793;&#x17BB;&#x1784;&#x1780;&#x17B6;&#x179A;&#x1792;&#x17D2;&#x179C;&#x17BE;&#x179F;&#x17C1;&#x1785;&#x1780;&#x17D2;&#x178A;&#x17B8;&#x179F;&#x1798;&#x17D2;&#x179A;&#x17C1;&#x1785; &#x178A;&#x17BE;&#x1798;&#x17D2;&#x1794;&#x17B8;&#x178A;&#x17C4;&#x17C7;&#x179F;&#x17D2;&#x179A;&#x17B6;&#x1799;&#x1794;&#x1789;&#x17D2;&#x17A0;&#x17B6;&#x178E;&#x17B6;&#x178A;&#x17C2;&#x179B;&#x1796;&#x17BD;&#x1780;&#x1782;&#x17C1;&#x1794;&#x17D2;&#x179A;&#x1788;&#x1798;&#x1781;&#x178E;&#x17C8;&#x1796;&#x17C1;&#x179B;&#x179F;&#x17D2;&#x1793;&#x17B6;&#x1780;&#x17CB;&#x1793;&#x17C5;&#x1798;&#x17D2;&#x1793;&#x17B6;&#x1780;&#x17CB;&#x17AF;&#x1784;&#x17D4;</subfield>
  </datafield>
  <datafield tag="520" ind1=" " ind2=" ">
    <subfield code="a">The tale, "Son stays at home alone , "is intended to educate children to be brave and industrious. The tale, in addition, help children to be more committed and smart in making decision to deal with any problems they encounter when being left alone. </subfield>
  </datafield>
  <datafield tag="521" ind1="8" ind2=" ">
    <subfield code="a">510 
</subfield>
    <subfield code="b">Lexile estimate 
</subfield>
  </datafield>
  <datafield tag="521" ind1="8" ind2=" ">
    <subfield code="a">K 
</subfield>
    <subfield code="b">Raz-Plus 

</subfield>
  </datafield>
  <datafield tag="650" ind1=" " ind2=" ">
    <subfield code="a">&#x1780;&#x17BC;&#x1793;&#x1785;&#x17B6;&#x17C6;&#x1795;&#x17D2;&#x1791;&#x17C7;&#x178F;&#x17C2;&#x1798;&#x17D2;&#x1793;&#x17B6;&#x1780;&#x17CB;&#x17AF;&#x1784;&#x200B; </subfield>
    <subfield code="v">&#x179A;&#x17BF;&#x1784;&#x1793;&#x17B7;&#x1791;&#x17B6;&#x1793;&#x1780;&#x17BB;&#x1798;&#x17B6;&#x179A;&#x200B;</subfield>
  </datafield>
  <datafield tag="650" ind1=" " ind2=" ">
    <subfield code="a">Son stays at home alone</subfield>
    <subfield code="v">Children's story </subfield>
  </datafield>
  <datafield tag="700" ind1=" " ind2=" ">
    <subfield code="a">Bunthorn, Theak</subfield>
    <subfield code="e">Illustrator </subfield>
  </datafield>
  <datafield tag="942" ind1=" " ind2=" ">
    <subfield code="2">ddc</subfield>
    <subfield code="c">BK</subfield>
    <subfield code="n">0</subfield>
  </datafield>
  <datafield tag="999" ind1=" " ind2=" ">
    <subfield code="c">8511</subfield>
    <subfield code="d">8511</subfield>
  </datafield>
  <datafield tag="952" ind1=" " ind2=" ">
    <subfield code="0">0</subfield>
    <subfield code="1">0</subfield>
    <subfield code="2">ddc</subfield>
    <subfield code="4">0</subfield>
    <subfield code="7">0</subfield>
    <subfield code="8">Khmer-English Bilingual </subfield>
    <subfield code="a">002</subfield>
    <subfield code="b">002</subfield>
    <subfield code="c">TTP Khmer</subfield>
    <subfield code="d">2025-09-16</subfield>
    <subfield code="l">0</subfield>
    <subfield code="o">SEA PZ7 800 </subfield>
    <subfield code="p">FISBK03807</subfield>
    <subfield code="r">2025-09-16 16:38:13</subfield>
    <subfield code="t">1</subfield>
    <subfield code="w">2025-09-16</subfield>
    <subfield code="y">KHB</subfield>
  </datafield>
  <datafield tag="952" ind1=" " ind2=" ">
    <subfield code="0">0</subfield>
    <subfield code="1">0</subfield>
    <subfield code="2">ddc</subfield>
    <subfield code="4">0</subfield>
    <subfield code="7">0</subfield>
    <subfield code="8">Khmer-English Bilingual </subfield>
    <subfield code="a">002</subfield>
    <subfield code="b">002</subfield>
    <subfield code="c">TTP Khmer</subfield>
    <subfield code="d">2025-10-03</subfield>
    <subfield code="l">0</subfield>
    <subfield code="o">SEA PZ7 800 </subfield>
    <subfield code="p">FIS04493</subfield>
    <subfield code="r">2025-10-03 15:39:01</subfield>
    <subfield code="t">2</subfield>
    <subfield code="w">2025-10-03</subfield>
    <subfield code="y">KHB</subfield>
  </datafield>
  <datafield tag="952" ind1=" " ind2=" ">
    <subfield code="0">0</subfield>
    <subfield code="1">0</subfield>
    <subfield code="2">ddc</subfield>
    <subfield code="4">0</subfield>
    <subfield code="7">0</subfield>
    <subfield code="8">Khmer-English Bilingual </subfield>
    <subfield code="a">002</subfield>
    <subfield code="b">002</subfield>
    <subfield code="c">TTP Khmer</subfield>
    <subfield code="d">2025-11-11</subfield>
    <subfield code="l">0</subfield>
    <subfield code="o">SEA PZ7 800 </subfield>
    <subfield code="p">FIS04595</subfield>
    <subfield code="r">2025-11-11 14:09:12</subfield>
    <subfield code="t">3</subfield>
    <subfield code="w">2025-11-11</subfield>
    <subfield code="y">KHB</subfield>
  </datafield>
  <datafield tag="952" ind1=" " ind2=" ">
    <subfield code="0">0</subfield>
    <subfield code="1">0</subfield>
    <subfield code="2">ddc</subfield>
    <subfield code="4">0</subfield>
    <subfield code="7">0</subfield>
    <subfield code="8">Khmer-English Bilingual </subfield>
    <subfield code="a">002</subfield>
    <subfield code="b">002</subfield>
    <subfield code="c">TTP Khmer</subfield>
    <subfield code="d">2025-11-21</subfield>
    <subfield code="l">0</subfield>
    <subfield code="o">SEA PZ7 800 </subfield>
    <subfield code="p">2025-4865</subfield>
    <subfield code="r">2025-11-21 09:54:01</subfield>
    <subfield code="t">4</subfield>
    <subfield code="w">2025-11-21</subfield>
    <subfield code="y">KHB</subfield>
  </datafield>
</record>
